Lal Bahadur, a political biography (Record no. 73577)

MARC details
000 -LEADER
fixed length control field 00607cam a22002171 4500
001 - CONTROL NUMBER
control field sa 67002988
003 - CONTROL NUMBER IDENTIFIER
control field DLC
005 - DATE AND TIME OF LATEST TRANSACTION
control field 20260227112335.0
008 - FIXED-LENGTH DATA ELEMENTS--GENERAL INFORMATION
fixed length control field 840130s1965 ii a 001 0 eng
010 ## - LIBRARY OF CONGRESS CONTROL NUMBER
LC control number sa 67002988
035 ## - SYSTEM CONTROL NUMBER
System control number (OCoLC)10353571
040 ## - CATALOGING SOURCE
Original cataloging agency DLC
Transcribing agency MiRochOU
Modifying agency DLC
042 ## - AUTHENTICATION CODE
Authentication code premarc
050 00 - LIBRARY OF CONGRESS CALL NUMBER
Classification number DS481.S48
Item number M3 1965
100 1# - MAIN ENTRY--PERSONAL NAME
Personal name Mankekar, D. R.
245 10 - TITLE STATEMENT
Title Lal Bahadur, a political biography
Statement of responsibility, etc. [by] D.R. Mankekar.
250 ## - EDITION STATEMENT
Edition statement [2d rev. ed.]
260 ## - PUBLICATION, DISTRIBUTION, ETC.
Place of publication, distribution, etc. Bombay,
Name of publisher, distributor, etc. Popular Prakashan
Date of publication, distribution, etc. [1965]
300 ## - PHYSICAL DESCRIPTION
Extent 175 p.
Other physical details illus.
Dimensions 23 cm.
600 10 - SUBJECT ADDED ENTRY--PERSONAL NAME
Personal name Shastri, Lal Bahadur,
Dates associated with a name 1904-1966.

No items available.

Powered by Koha